Catálogo
Digital

Catálogo
Digital

El rol del diseño y los Sistemas Simbólicos en América Prehispánica (Record no. 14389)

MARC details
000 -CABECERA
campo de control de longitud fija 01682nam a2200325 4500
003 - IDENTIFICADOR DEL NÚMERO DE CONTROL
campo de control EC-UNACH
005 - FECHA Y HORA DE LA ÚLTIMA TRANSACCIÓN
campo de control 20260312100327.0
006 - CÓDIGOS DE INFORMACIÓN DE LONGITUD FIJA--CARACTERÍSTICAS DEL MATERIAL ADICIONAL
campo de control de longitud fija s||||gr|||| 00| 00
008 - DATOS DE LONGITUD FIJA--INFORMACIÓN GENERAL
campo de control de longitud fija 150116t9999 mx r gr 000 0 spa d
020 ## - NÚMERO INTERNACIONAL ESTÁNDAR DEL LIBRO
Número Internacional Estándar del Libro 978-987-591-089-8
040 ## - FUENTE DE LA CATALOGACIÓN
Centro catalogador/agencia de origen EC-UNACH
Centro/agencia transcriptor EC-UNACH
041 ## - CÓDIGO DE LENGUA
Código de lengua del texto/banda sonora o título independiente Español
082 04 - NÚMERO DE LA CLASIFICACIÓN DECIMAL DEWEY
Número de edición 23
Número de clasificación 709.11
Número de documento/Ítem L018580
100 ## - ENTRADA PRINCIPAL--NOMBRE DE PERSONA
Nombre de persona Accornero, Mariana
245 ## - MENCIÓN DE TÍTULO
Título El rol del diseño y los Sistemas Simbólicos en América Prehispánica
250 ## - MENCIÓN DE EDICIÓN
Mención de edición Primera Edición
Resto de la mención de edición Segunda Reimpresión
264 ## - Producción, publicación, distribución, fabricación y copyright
Lugar de producción, publicación, distribución, fabricación Córdoba - Argentina
Nombre del de productor, editor, distribuidor, fabricante Editorial Brujas
Fecha de de producción, publicación, distribución, fabricación o copyright 2007
300 ## - DESCRIPCIÓN FÍSICA
Extensión 95 páginas
Otras características físicas Figuras
Dimensiones 21 x 14 centímetros
501 ## - NOTA DE "CON"
Nota de “Con” Incluye Dedicatoria, Prólogo, Poema de la Revelación, Introducción, Índice, Bibliografía, Índice de Ilustraciones,
505 ## - NOTA DE CONTENIDO CON FORMATO
Nota de contenido con formato Clasificación de motivos -- Silabario de decoración Americana -- Estilización simple y geometrizada -- Arte decorativo de los Diaguitas -- Profundización de los aspectos estéticos de Petroglifos y Pictografías de la provincia del Neuquén -- El ojo del tejedor -- La Yupana -- Ordenamientos compositivos de los diseños textiles -- Recursos plásticos e iconográficos en los textiles mapuches -- Proceso en la representación de Diseños Mapuches -- El uso del color -- Teoría del Color -- Proceso de Diseño
650 ## - PUNTO DE ACCESO ADICIONAL DE MATERIA--TÉRMINO DE MATERIA
Término de materia o nombre geográfico como elemento inicial SISTEMAS SIMBOLICOS EN AMÉRICA
650 ## - PUNTO DE ACCESO ADICIONAL DE MATERIA--TÉRMINO DE MATERIA
Término de materia o nombre geográfico como elemento inicial CULTURAS ORIGINARIAS DEL CONTINENTE AMERICANO
650 ## - PUNTO DE ACCESO ADICIONAL DE MATERIA--TÉRMINO DE MATERIA
Término de materia o nombre geográfico como elemento inicial LENGUAJE SEMIOLÓGICO
650 ## - PUNTO DE ACCESO ADICIONAL DE MATERIA--TÉRMINO DE MATERIA
Término de materia o nombre geográfico como elemento inicial RETÓRICA Y SIMETRÍA
650 ## - PUNTO DE ACCESO ADICIONAL DE MATERIA--TÉRMINO DE MATERIA
Término de materia o nombre geográfico como elemento inicial COSMOVISIÓN Y PENSAMIENTO AMERICANO
942 ## - ELEMENTOS DE PUNTO DE ACCESO ADICIONAL (KOHA)
Fuente del sistema de clasificación o colocación Clasificación Decimal Dewey
Tipo de ítem Koha Libros
999 ## - NÚMEROS DE CONTROL DE SISTEMA (KOHA)
Koha biblionumber 14389
Holdings
Estado de pérdida Fuente del sistema de clasificación o colocación Estado dañado No para préstamo Localización permanente Ubicación/localización actual Ubicación en estantería Fecha de adquisición Fuente de adquisición Número de inventario Total de préstamos Signatura topográfica completa Fecha visto por última vez Número de copia Precio válido a partir de Tipo de ítem Koha Centro de costos
  Clasificación Decimal Dewey     Biblioteca Campus Sur Biblioteca Campus Sur Pedagogía de las Artes y Humanidades 12/03/2026 Donación ITB-0012-2025 40955928   709.011 ACC L018580 12/03/2026 01 12/03/2026 Libros  

Powered by Koha